USA State Seals - Statistics

General Stats
  • This quiz has been taken 45 times
  • The average score is 27 of 50
Answer Stats
Picture Answer % Correct
Alabama
93%
Louisiana
89%
Washington
85%
Kentucky
81%
Maryland
78%
Minnesota
78%
Florida
70%
Hawaii
70%
Massachusetts
70%
Rhode Island
70%
Connecticut
67%
Virginia
67%
Colorado
63%
New Hampshire
63%
New York
63%
Georgia
59%
Michigan
59%
Montana
59%
Arizona
56%
California
56%
Delaware
56%
Illinois
56%
Oregon
56%
Utah
56%
Alaska
52%
North Carolina
52%
Texas
52%
Wisconsin
52%
Indiana
48%
Maine
48%
Missouri
48%
Nebraska
48%
New Mexico
48%
South Carolina
48%
Iowa
44%
Kansas
44%
Wyoming
44%
New Jersey
41%
Ohio
41%
Pennsylvania
41%
Vermont
41%
Arkansas
37%
Idaho
37%
North Dakota
37%
South Dakota
37%
Tennessee
37%
West Virginia
37%
Mississippi
33%
Nevada
33%
Oklahoma
33%
No matching quizzes found
Score Distribution
Percent of People with Each Score
Percentile by Number Answered
Your Score History
You have not taken this quiz